000 00426nam a22001697a 4500
003 NUST
020 _a9789673498116
038 _aAsim ZUbair
082 _a621.381
_bFLO
100 _aFloyd, Thomas L.
_910192
245 _aDigital Fundamentals \
_cThomas L. Floyd
250 _a11th Ed.
260 _aMalaysia,
_bPearson,
_c2020.
300 _axviii, 838 p. ;
_bPaperback
_c28 cm.
563 _aPaperback
942 _2ddc
_cBK
999 _c586090
_d586090